Cẩm nang ngôn từ của nhà lãnh đạo : Hơn 3000 câu nói hữu ích giúp bạn lãnh đạo hiệu quả

Nội dung tài liệu đưa ra những kỹ năng, ngôn từ và phương pháp lãnh đạo cho người lãnh đạo, quy tắc lãnh đạo, uy tín, uy thế lãnh đạo, quan hệ, nghệ thuật, quyết sách, chuyền biến lãnh đạo... giúp diễn đạt ý tưởng trong mọi tình huống giao...

詳細記述

保存先:
書誌詳細
第一著者: Alain, Patrick
フォーマット: 図書
言語:Undetermined
出版事項: Hà Nội Lao động 2014
主題:
タグ: タグ追加
タグなし, このレコードへの初めてのタグを付けませんか!
Thư viện lưu trữ: Trung tâm Học liệu Trường Đại học Cần Thơ
LEADER 01153nam a2200217Ia 4500
001 CTU_200786
008 210402s9999 xx 000 0 und d
020 |c 65000 
082 |a 658.4 
082 |b A317 
100 |a Alain, Patrick 
245 0 |a Cẩm nang ngôn từ của nhà lãnh đạo : 
245 0 |b Hơn 3000 câu nói hữu ích giúp bạn lãnh đạo hiệu quả 
245 0 |c Patrick Alain ; Ngọc Tuấn dịch 
260 |a Hà Nội 
260 |b Lao động 
260 |c 2014 
520 |a Nội dung tài liệu đưa ra những kỹ năng, ngôn từ và phương pháp lãnh đạo cho người lãnh đạo, quy tắc lãnh đạo, uy tín, uy thế lãnh đạo, quan hệ, nghệ thuật, quyết sách, chuyền biến lãnh đạo... giúp diễn đạt ý tưởng trong mọi tình huống giao tiếp, thành công trong hoạt động kinh doanh 
650 |a Leadership,Strategic planning,Lãnh đạo,Lập kế hoạch chiến lược 
904 |i Bằng 
980 |a Trung tâm Học liệu Trường Đại học Cần Thơ